000 01226cas a22002535a 4500
001 L142841
008 080313c2008 xxkwr w ss 0 a0eng d
035 _a(Sirsi) u142841
041 0 _aeng
050 _a333.32 $2 18
110 2 _aRoyal Institution of Chartered Surveyors
_94900
245 0 0 _aRICS global real estate weekly
_h[electronic resource]
260 _aLondon
_bRICS
_c2008-
362 0 _a2008-
490 0 _aRICS Global Real Estate Weekly
510 2 _aKnowledge Alert
_c2006-
520 _aProduced by economists in RICS Research, this publication provides a snap-shot of international real estate market developments as events unfold, including commercial property, residential property and construction. It analyses key economic data from a range of sources, including from official, business and professional organisations, as they are released. It aims to identify the factors driving markets and make evidence-based forecasts.
554 _aOne per week
650 2 4 _aRICS GLOBAL REAL ESTATE WEEKLY
651 4 _aIntern
690 _aPROPERTY-COMMERCIAL PROPERTY-COMMERCIAL PROPERTY MARKET
856 4 0 _uhttps://www.rics.org/
_zView this report free of charge at www. rics.org...
942 _n0
999 _c119176
_d119176